000
00334cam a2200157ua 4500
001
6272
008
111223n1994 II |||gr||||Z||||||eng
040
_a
MAIN
041
_a
English
082
_a
100
_a
WILLIAMS, JOHN.
245
_a
WORDSWORTH
260
_a
LONDON
_b
MCMILAN & CO.
_c
1994
300
_a
216:
_c
22CM.
942
_c
BK
999
_c
6257
_d
6257